| 000 | 02570nam a2200457Ii 4500 | ||
|---|---|---|---|
| 001 | DIGEDIUOC151 | ||
| 003 | NyNyDIG | ||
| 008 | 140801s2013 sp a ob 000 0 spa d | ||
| 006 | m o d | ||
| 007 | cr ||||||||||| | ||
| 020 |
_a9788490298312 _q(eBook) |
||
| 020 | _z8490299749 | ||
| 020 | _z9788490299746 | ||
| 035 | _a(OCoLC)892924333 | ||
| 040 |
_aDGITA _beng _erda _epn _cDGITA |
||
| 050 | 1 | 4 | _aHM291 eBook |
| 245 | 0 | 0 |
_aFanáticos : _bla cultura fan / _cDaniel Aranda, Jordi Sánchez-Navarro, Antoni Roig (eds.). |
| 250 | _aPrimera edición en lengua castellana. | ||
| 264 | 1 |
_aBarcelona : _bUniversitat Oberta de Catalunya, _c2013. |
|
| 300 |
_a1 online resource (363 pages) : _billustrations. |
||
| 336 |
_atext _btxt _2rdacontent |
||
| 337 |
_acomputer _bc _2rdamedia |
||
| 338 |
_aonline resource _bcr _2rdacarrier |
||
| 490 | 1 |
_aUOCpress. Comunicación ; _v26 |
|
| 504 | _aIncludes bibliographical references. | ||
| 505 | 0 | _aAranda, Jordi Sánchez, Antoni Roig -- Teoría fanática / Daniel Aranda -- Fantasías animadas del mañana: El estudio de los fans occidentales del anime como subcultura / Jordi Sánchez-Navarro -- ¿Fans productores? Una aproximación a la ficción y los films de fans? / Antoni Roig -- Sobre la productividad y los fans de los juegos / Hanna Wirman -- 6. Bits de plástico. Fans del sonido anañógico en un entorno digital / Ángel Díaz Maza -- 7. Twilight Saga: ¿Quién muerde a quién? / Meritxell Esquirol Salom -- Fandoms, tendencias y capital social en twitter / Raquel Recuero, Adriana Amaral, Camila Monteiro -- Amiguetes Entertainment: el club social del fanatismo de culto / Cristina Pujol -- El fandom, escuela de críticos / Belén García de Pablos -- Los misterios piden participación / Andreu Belsunces. | |
| 588 | 0 | _aOnline resource; title from ePub and PDF title page (Digitalia, viewed August 10, 2014) | |
| 650 | 0 |
_aFans (Persons) _xPsychology. |
|
| 650 | 0 | _aPopular culture. | |
| 655 | 0 | _aElectronic books. | |
| 700 | 1 |
_aAranda, Daniel, _eeditor. |
|
| 700 | 1 |
_aRoig, Antoni, _eeditor. |
|
| 700 | 1 |
_aSánchez Navarro, Jordi, _eeditor. |
|
| 791 | 2 |
_aDigitalia (Firm), _edistributor. |
|
| 793 | 0 |
_gDigitalia eBook Collection: _aUniversitat Oberta de Catalunya. |
|
| 776 | 0 | 8 |
_iPrint version: _aFanáticos : la cultura fan. _dBarcelona : Universitat Oberta de Catalunya, 2013. _z9788490299746 |
| 830 | 0 |
_aComunicación (Editorial UOC) ; _v26 |
|
| 856 | 4 | 0 |
_3Digitalia Hispánica _uhttps://www.digitaliapublishing.com/a/23513/ |
| 910 | _aPremium Collection: 2013 | ||
| 942 | _cRAA | ||
| 999 |
_c237736 _d237736 |
||